Unmet Needs (Record n. 218503)
[ formato base ]
| 000 -LEADER | |
|---|---|
| fixed length control field | 01000nas a2200277Ia 4500 |
| 001 - CONTROL NUMBER | |
| control field | dg37-1889 [d000001983] |
| 003 - CONTROL NUMBER IDENTIFIER | |
| control field | IT-MiCISF |
| 008 - FIXED-LENGTH DATA ELEMENTS--GENERAL INFORMATION | |
| fixed length control field | 161014c99999999xx |||||||||||| ||und|| |
| 040 ## - CATALOGING SOURCE | |
| Original cataloging agency | IT-MiCISF |
| Transcribing agency | IT-MiCISF |
| 041 ## - LANGUAGE CODE | |
| Language code of text/sound track or separate title | INGLESE |
| 999 ## - SYSTEM CONTROL NUMBERS (KOHA) | |
| Koha Dewey Subclass [OBSOLETE] | Si |
| 100 ## - MAIN ENTRY--PERSONAL NAME | |
| Personal name | Ketting Evert |
| 210 ## - ABBREVIATED TITLE | |
| Abbreviated title | Planned Parenthood |
| 222 ## - KEY TITLE | |
| Key title | Planned Parenthood |
| 240 ## - UNIFORM TITLE | |
| Uniform title | Unmet Needs |
| 245 #0 - TITLE STATEMENT | |
| Title | Unmet Needs |
| 250 ## - EDITION STATEMENT | |
| Edition statement | 1a ed. |
| 260 ## - PUBLICATION, DISTRIBUTION, ETC. (IMPRINT) | |
| Date of publication, distribution, etc. | 1994 |
| 300 ## - PHYSICAL DESCRIPTION | |
| Extent | pp. 48 |
| 362 ## - DATES OF PUBLICATION AND/OR SEQUENTIAL DESIGNATION | |
| Dates of publication and/or sequential designation | n. 1 [1994] |
| 501 ## - WITH NOTE | |
| -- | CISF - Centro Internazionale Studi Famiglia - Via Giotto, 36 20145 MILANO (non commercial uses only) |
| -- | Copyright 2016 |
| 500 ## - GENERAL NOTE | |
| General note | Singh K., Westoff C.F., Dixon-Mueller R., Germain A., Sinding S.W., Okwero M., Ssempebwa B., Kipp W., Madina M., Kaur P., Crabbe M., Migallos G., Araneta A., Arango H., Jaimes R., Mahbub Alam Chowdhury S. Tema: pianificazione-familiare, comparazione, |
| 650 ## - SUBJECT ADDED ENTRY--TOPICAL TERM | |
| Topical term or geographic name as entry element | società |
| Form subdivision | divulgazione |
| 700 ## - ADDED ENTRY--PERSONAL NAME | |
| Personal name | AA.VV. |
| 942 ## - ADDED ENTRY ELEMENTS (KOHA) | |
| Koha item type | RIVISTA |
| 957 ## - | |
| -- | 1 |
| 999 ## - SYSTEM CONTROL NUMBERS (KOHA) | |
| -- | 1 |
| Withdrawn status | Lost status | Damaged status | Not for loan | Home library | Current library | Date acquired | Total Checkouts | Full call number | Date last seen | Price effective from | Koha item type | Public note |
|---|---|---|---|---|---|---|---|---|---|---|---|---|
| Buone Condizioni | Not For Loan | CISF - Milano | CISF - Milano | 14/10/2016 | dg37-1889 [d000001983] | 14/10/2016 | 14/10/2016 | RIVISTA | Data import 15.10.2016 / by Epidotti, Vaglietti |